Voice Over IP Fundamentals (Record no. 325941)

MARC details
000 -LEADER
fixed length control field 00517nam a2200181Ia 4500
008 - FIXED-LENGTH DATA ELEMENTS--GENERAL INFORMATION
fixed length control field 230718s9999 xx 000 0 und d
020 ## - INTERNATIONAL STANDARD BOOK NUMBER
International Standard Book Number 9788131722893
041 ## - LANGUAGE CODE
Language code of text/sound track or separate title eng
082 ## - DEWEY DECIMAL CLASSIFICATION NUMBER
Classification number 004.6
Item number DAV
100 ## - MAIN ENTRY--PERSONAL NAME
Personal name Davidson J.
9 (RLIN) 146353
245 ## - TITLE STATEMENT
Title Voice Over IP Fundamentals
250 ## - EDITION STATEMENT
Edition statement 2nd Ed.
260 ## - PUBLICATION, DISTRIBUTION, ETC. (IMPRINT)
Date of publication, distribution, etc. 2008
Name of publisher, distributor, etc. Pearson Education
300 ## - PHYSICAL DESCRIPTION
Extent 394
365 ## - TRADE PRICE
Currency code Rs.
Price amount 450.00
700 ## - ADDED ENTRY--PERSONAL NAME
Personal name Davidson J.; Peters J.; Bhatia M. & Kalidindi S. And Others
906 ## - LOCAL DATA ELEMENT F, LDF (RLIN)
d O:0114728-Sep-2010B:229915-Sep-2010
c COMP
b 225
Holdings
Withdrawn status Lost status Damaged status Not for loan Home library Current library Date acquired Vendor Budget Code Cost, normal purchase price Bill number Total Checkouts Full call number Barcode Date last seen Discount Cost, replacement price Bill Date Koha item type Original Barcode
        Cummins College of Engineering for Women Pune Cummins College of Engineering for Women Pune 28/09/2010 Pradeep Book Distributors COMP 337.50 2299   004.6 CCEP-BK-37148 18/07/2023 225 450.00 15/09/2010 Books 037148